000 00566nam a2200193Ia 4500
003 LDD
008 190117s9999 xx 000 0 und d
020 _c₹150
040 _cLDD
041 _ahi
082 _a923.254 वि5166
100 _aयशपाल
245 0 _aविप्लव का आजाद अंक
_cयशपाल
260 _aदिल्ली
_bस्वर्ण
_c1997
300 _a88
901 _aVANI
904 _aReqst by : सत्यकाम
942 _2ddc
_cH
999 _c167592
_d167592